[Event "NRW-Ferienturnier U16"]
[Site "Wewelsburg"]
[Date "2001.08.13"]
[Round "3"]
[White "Albers, Damian"]
[Black "Szentivanyi, Raphael"]
[Result "1-0"]
[WhiteElo "1631"]
[BlackElo "1454"]
[PlyCount "75"]
[EventDate "2001.08.??"]
[EventType "swiss"]
[EventRounds "7"]
[EventCountry "GER"]
[SourceTitle "EXT 2003"]
[Source "ChessBase"]
[SourceDate "2002.11.25"]
[SourceVersion "1"]
[SourceVersionDate "2002.11.25"]
[SourceQuality "1"]

1. e4 e6 2. d4 d5 3. exd5 exd5 4. c4 dxc4 5. Bxc4 Nc6 6. Nf3 Bf5 7. 0-0 Qd6 8. Re1+ Be7 9. Ne5 Nxe5 10. dxe5 Qg6 11. Nc3 Rd8 12. Qf3 c6 13. Be3 b5 14. Bb3 a5 15. a3 a4 16. Ba2 Nh6 17. e6 Bxe6 18. Bxe6 fxe6 19. Qxc6+ Kf7 20. Qxb5 Ng4 21. Qe2 Rc8 22. Bd4 Rhf8 23. Qe4 Qxe4 24. Nxe4 Rc2 25. h3 e5 26. Bc3 Nxf2 27. Rf1 Ke8 28. Rxf2 Bc5 29. Raf1 Bxf2+ 30. Rxf2 Rc1+ 31. Kh2 Rxf2 32. Nxf2 Rc2 33. Kg3 Kf7 34. Bxe5 g6 35. Kf3 Ke6 36. Bc3 Kd5 37. Ng4 Kc4 38. Ne3+ 1-0

[Event "NRW-Ferienturnier U16"]
[Site "Wewelsburg"]
[Date "2001.08.12"]
[Round "2"]
[White "Szentivanyi, Raphael"]
[Black "Bartsch, Jan"]
[Result "1-0"]
[WhiteElo "1454"]
[BlackElo "1250"]
[PlyCount "43"]
[EventDate "2001.08.??"]
[EventType "swiss"]
[EventRounds "7"]
[EventCountry "GER"]
[SourceTitle "EXT 2003"]
[Source "ChessBase"]
[SourceDate "2002.11.25"]
[SourceVersion "1"]
[SourceVersionDate "2002.11.25"]
[SourceQuality "1"]

1. d4 d5 2. c4 e6 3. Nc3 Nf6 4. e3 Bb4 5. a3 Bxc3+ 6. bxc3 b6 7. cxd5 exd5 8. Bd3 0-0 9. Nf3 Bg4 10. 0-0 Ne4 11. c4 Nc3 12. Qc2 Bxf3 13. gxf3 dxc4 14. Bxh7+ Kh8 15. Kh1 Qf6 16. f4 g6 17. Bxg6 fxg6 18. Bb2 Nd5 19. Rg1 Rg8 20. Qxc4 Qc6 21. Qb3 Nxe3+ 22. d5+ 1-0